000 00678nam a22002415a 4500
001 15182689
003 ARRUPE
005 20150108132725.0
008 080215s2008 flu 000 0 eng
010 _a 2008923191
020 _a9780980098129 (pbk. : alk. paper)
040 _aDLC
_cDLC
100 1 _aAnonymous
_913214
245 1 4 _aThe kneeling Christian /
_cAnonymous ;.
260 _aMassachusetts :
_bHendrickson Publishers,
_c2006.
263 _a0802
300 _ap. cm.
490 0 _aPilgrim's pantry ;
_vv. 1
650 _aChristian life
_913215
906 _a0
_bibc
_corignew
_d2
_eepcn
_f20
_gy-gencatlg
942 _2lcc
_cMONOGRAPH
999 _c121440
_d121440